LIEČBA KOŽNEJ TUBERKULÓZY D2 VITAMÍNOM

Bibliographic Details
Main Author: Benca, Ján (Author)
Format: Article
Language:Slovak

MARC

LEADER 00000nab a2200000ua 4500
001 vtls010772777
003 SK-MaSNL
005 20260303123401.0
008 230214s1951 xo |||||||||||||||||slo|
035 |a (urnnbn)urn:nbn:sk:snk:ar-a038ch 
035 |a (uuid)0b2ab3cb-ea57-48e0-9f0b-5d003815a6f5 
035 |a urn:nbn:sk:snk-ab54wv 
040 |a SNKBUCL  |b slo  |c SNKBUCL  |e AACR2 
041 0 |a slo 
044 |a xo  |c SK 
100 1 |a Benca, Ján  |4 aut  |9 630692 
245 1 0 |a LIEČBA KOŽNEJ TUBERKULÓZY D2 VITAMÍNOM  |c Ján Benca 
773 0 |t Bratislavské lekárske listy  |g Roč. 31, č. 5-6 (1951), s. 593-602 
954 |a odborná, vedecká literatúra pôvodná (slovenská)  |2 lita 
958 |a OND 
958 |a EUIPO 
958 |a article3 
999 |c 1925557  |d 1927487